Alphabetical States by Population Quiz Stats

 Plays Quiz Updated Feb 24, 2018

Score 0/50 Timer 04:00
1 Play Today
State % Correct
CCalifornia
93.3%
AAlabama
92.7%
GGeorgia
92.1%
AAlaska
91.8%
FFlorida
91.8%
DDelaware
91.6%
HHawaii
90.5%
IIllinois
88.8%
AArizona
88.4%
AArkansas
88.3%
IIndiana
87.6%
KKentucky
87.2%
KKansas
86.2%
LLouisiana
86%
CConnecticut
85.5%
CColorado
85.2%
IIowa
84.2%
IIdaho
81.9%
MMichigan
73.5%
NNew York
72%
OOhio
61.3%
RRhode Island
60.4%
MMassachusetts
60%
PPennsylvania
60%
UUtah
59.4%
State % Correct
MMontana
58.8%
TTexas
58.1%
OOregon
58%
VVirginia
57.2%
NNorth Carolina
57.1%
VVermont
56.5%
TTennessee
56.4%
MMissouri
55.7%
SSouth Carolina
55%
SSouth Dakota
54.7%
NNew Jersey
54%
MMaryland
53.4%
MMaine
53.3%
WWashington
52.4%
OOklahoma
51.7%
MMinnesota
49.7%
MMississippi
47.6%
NNorth Dakota
47%
WWyoming
46.8%
WWest Virginia
46.3%
NNevada
42.7%
WWisconsin
42.2%
NNew Mexico
42.1%
NNew Hampshire
40.4%
NNebraska
38%

You're not logged in!

Compare scores with friends on all Sporcle quizzes.
OR
Log In

Sporcle TV

Today on Sporcle TV


Watch our educational content, quiz creation guides, and fun videos on Sporcle TV.

Show Comments

Extras

Top Quizzes Today


Score Distribution

Your Account Isn't Verified!

In order to create a playlist on Sporcle, you need to verify the email address you used during registration. Go to your Sporcle Settings to finish the process.

Report this User

Report this user for behavior that violates our Community Guidelines.

Details: